Muhammad The messenger of God
| Main Author: | |
|---|---|
| Format: | Book |
| Language: | English |
| Published: |
Singapore
Graham Brash
1989
|
| Subjects: |
| LEADER | 00551cam a2200193 a 4500 | ||
|---|---|---|---|
| 001 | 0000134560 | ||
| 005 | 20121016090000.0 | ||
| 040 | |a mod | ||
| 041 | |a eng | ||
| 020 | |a 9971491176 | ||
| 090 | 0 | 0 | |a 297.63 |b KEL |e 1989 |
| 100 | 0 | |a Kelen, Betty | |
| 245 | 0 | 0 | |a Muhammad |b The messenger of God |c Betty Kelen |
| 260 | |a Singapore |b Graham Brash |c 1989 | ||
| 300 | |a 278 p. |c 19 cm | ||
| 504 | |a Includes index | ||
| 600 | 0 | 0 | |a Muhammad,Prophet |y d.632 |
| 852 | 0 | 0 | |a 01 |
| 999 | |a B000020156 |b PU SUBANG (TUDM SUBANG) |d BOOKS |e Umum |f PU Subang (TUDM Subang) |j AVAILABLE |q GOOD CONDITION | ||